Vainqueurs du Grand Prix du Canada de Formule 1 - Statistiques

Statistiques générales
  • Ce quiz a été pris 382 fois
  • Le résultat moyen est 38 sur 51
Statistiques - réponses
Année Circuit Vainqueur Ecurie % Correct
2007 Montréal Lewis Hamilton McLaren-Mercedes
100%
2010 Montréal Lewis Hamilton McLaren-Mercedes
100%
2012 Montréal Lewis Hamilton McLaren-Mercedes
100%
2015 Montréal Lewis Hamilton Mercedes
100%
2016 Montréal Lewis Hamilton Mercedes
100%
2017 Montréal Lewis Hamilton Mercedes
100%
2019 Montréal Lewis Hamilton Mercedes
100%
2022 Montréal Max Verstappen Red Bull
99%
1994 Montréal Michael Schumacher Benetton-Ford
98%
1997 Montréal Michael Schumacher Ferrari
98%
1998 Montréal Michael Schumacher Ferrari
98%
2000 Montréal Michael Schumacher Ferrari
98%
2002 Montréal Michael Schumacher Ferrari
98%
2003 Montréal Michael Schumacher Ferrari
98%
2004 Montréal Michael Schumacher Ferrari
98%
2013 Montréal Sebastian Vettel Red Bull-Renault
98%
2018 Montréal Sebastian Vettel Ferrari
98%
1988 Montréal Ayrton Senna McLaren-Honda
97%
1990 Montréal Ayrton Senna McLaren-Honda
97%
2001 Montréal Ralf Schumacher Williams-BMW
97%
1993 Montréal Alain Prost Williams-Renault
94%
2006 Montréal Fernando Alonso Renault
94%
2014 Montréal Daniel Ricciardo Red Bull-Renault
91%
2011 Montréal Jenson Button McLaren-Mercedes
90%
1999 Montréal Mika Häkkinen McLaren-Mercedes
84%
1996 Montréal Damon Hill Williams-Renault
82%
1978 Montréal Gilles Villeneuve Ferrari
80%
2005 Montréal Kimi Räikkönen McLaren-Mercedes
78%
1986 Montréal Nigel Mansell Williams-Honda
73%
1982 Montréal Nelson Piquet Brabham-BMW
70%
1984 Montréal Nelson Piquet Brabham-BMW
70%
1991 Montréal Nelson Piquet Benetton-Ford
70%
2008 Montréal Robert Kubica BMW Sauber
64%
1976 Mosport James Hunt McLaren-Ford
62%
1971 Mosport Jackie Stewart Tyrrell-Ford
61%
1972 Mosport Jackie Stewart Tyrrell-Ford
61%
1974 Mosport Emerson Fittipaldi McLaren-Ford
55%
1995 Montréal Jean Alesi Ferrari
54%
1967 Mosport Jack Brabham Brabham-Repco
53%
1979 Montréal Alan Jones Williams-Ford
45%
1980 Montréal Alan Jones Williams-Ford
45%
1992 Montréal Gerhard Berger McLaren-Honda
43%
1968 Mont-Tremblant Denny Hulme McLaren-Ford
39%
1983 Montréal René Arnoux Ferrari
39%
1977 Mosport Jody Scheckter Wolf-Ford
38%
1969 Mosport Jacky Ickx Brabham-Ford
36%
1970 Mont-Tremblant Jacky Ickx Ferrari
36%
1981 Montréal Jacques Laffite Ligier-Matra
36%
1985 Montréal Michele Alboreto Ferrari
27%
1989 Montréal Thierry Boutsen Williams-Renault
23%
1973 Mosport Peter Revson McLaren-Ford
9%
Aucun quiz correspondant
Distribution des résultats
% des personnes avec chaque résultat
Percentile par nombre de réponses
Votre historique - résultats
Vous n’avez pas pris ce quiz